00550nam a22001697a 450000500170000001000150001702000260003203500140005808200140007210000370008624500740012325000060019726000530020327000500025630000350030670000390034120260318153704.0 aENG-147937 a9789384753245c250.00 aEN-131469 a181.43b1 aSaraswati Niranjanananda Swami  aOn the Wings of the Swan /cSwami Niranjanananda Saraswati hEnglish a1 aBIharc1bYoga Publication Trust, Ganga Darshan  aYoga Publication Trust, Ganga Darshan bBihar a136pbk.:bcol.ill.c22cm.(pbk) aSaraswati Niranjananananda Swami